Представление документа в формате RUSMARC

ПолеНазваниеЗначение
  Тип записи a
  Библиографический уровень a
001 Контрольный номер RU/УОНБ/EK_N/322864634
005 Дата корректировки 20250128121859.4
100 Данные общей обработки __
a Данные общей обработки 20061203d2006 u u0rusy0103 ba
101 Язык документа 0_
a Язык текста rus
200 Заглавие и сведения об ответственности 1_
a Заглавие Черный кот
e Сведения, относящиеся к заглавию с букв.-цифр. обозначениями аккордов гитары
e Сведения, относящиеся к заглавию с надпис. текстом
f Первые сведения об ответственности Ю. Саульский
g Последующие сведения об ответственности авт. текста М. Танич
210 Выходные данные 1_
d Дата издания 2006
461 Уровень набора _0
1 2001
a Молодежная эстрада: Тайны сценического слова
463 Уровень физической единицы _0
1 2000
a N 7-8-9.
v С.259-260.
1 210
d 2006
686 Индексы других классификаций __
a Классификационный индекс 85
2 Код системы ББК
700 Автор _1
a Фамилия Саульский
b Имя (инициалы) Ю.
702 Вторичная интеллектуальная ответственность _1
a Фамилия Танич
b Имя (инициалы) М.
4 Код отношения 520
801 Источник записи _0
a Страна RU
b Организация Ульяновская ОНБ
c Дата составления 20061203
g Правила каталогизации RCR
801 Источник записи _1
a Страна RU
b Организация Ульяновская ОНБ
c Дата составления 20061203
901 Тип документа __
t Тип документа b
909 Создатель записи __
a Создатель записи Никитина Т. А.
938 Служебная информация __
a Имя БД noti
b Имя библиотеки УОНБ
c Имя АИБС МАРК-SQL
d Номер DOC_ID в БД 6356